Preferential Trade Agreements: Building Blocks Than Stumbling Blocks (Record no. 530602)
[ view plain ]
| 000 -LEADER | |
|---|---|
| fixed length control field | 01155nam a22001457a 4500 |
| 008 - FIXED-LENGTH DATA ELEMENTS--GENERAL INFORMATION | |
| fixed length control field | 250625b ||||| |||| 00| 0 eng d |
| 100 ## - MAIN ENTRY--PERSONAL NAME | |
| Personal name | Buragohain, Anisha |
| 245 ## - TITLE STATEMENT | |
| Title | Preferential Trade Agreements: Building Blocks Than Stumbling Blocks |
| 260 ## - PUBLICATION, DISTRIBUTION, ETC. (IMPRINT) | |
| Place of publication, distribution, etc | Economic & Political Weekly |
| 300 ## - PHYSICAL DESCRIPTION | |
| Extent | 60(23), Jun 14, 2025: p.11-14 |
| 520 ## - SUMMARY, ETC. | |
| Summary, etc | Preferential trade agreements are a prevailing characteristic of the international trading landscape. This article argues that PTAs are building blocks for the multilateral trading regime. They serve as experimental platforms, promote transparency and dispute resolution, aligning with WTO rules while addressing new regulatory challenges. Despite criticisms of PTAs as “second best,” they play a crucial role in advancing global trade, offering a complementary approach to multilateral agreements, and potentially leading to a more inclusive and resilient trading system. - Reproduced https://www.epw.in/journal/2025/24/commentary/preferential-trade-agreements.html |
| 650 ## - SUBJECT ADDED ENTRY--TOPICAL TERM | |
| Topical term or geographic name as entry element | Preferential trade agreement, PATs, world trade |
| 9 (RLIN) | 54765 |
| 942 ## - ADDED ENTRY ELEMENTS (KOHA) | |
| Item type | Articles |
| Withdrawn status | Lost status | Source of classification or shelving scheme | Damaged status | Not for loan | Permanent location | Current location | Date acquired | Barcode | Date last seen | Koha item type |
|---|---|---|---|---|---|---|---|---|---|---|
| Indian Institute of Public Administration | Indian Institute of Public Administration | 2025-06-25 | AR136375 | 2025-06-25 | Articles |
